Gaming Quiz

Random Gaming or Pokémon Quiz

Name all of the Ice-type Pokemon Quiz Stats

 Plays Quiz not verified by Sporcle

Score 0/40 Timer 06:00
0 Plays Today
Dex # - Region - Type Pokemon % Correct
087 - Kanto - Ice/WaterDewgong
95.1%
124 - Kanto - Ice/PsychicJynx
92.7%
144 - Kanto - Ice/FlyingArticuno
92.7%
361 - Hoenn - IceSnorunt
92.7%
362 - Hoenn - IceGlalie
92.7%
459 - Sinnoh - Ice/GrassSnover
92.7%
460 - Sinnoh - Ice/GrassAbomasnow
92.7%
131 - Kanto - Ice/WaterLapras
90.2%
221 - Johto - Ice/GroundPiloswine
90.2%
364 - Hoenn - Ice/WaterSealeo
90.2%
091 - Kanto - Ice/WaterCloyster
87.8%
215 - Johto - Ice/DarkSneasel
87.8%
220 - Johto - Ice/GroundSwinub
87.8%
238 - Johto - Ice/PsychicSmoochum
87.8%
363 - Hoenn - Ice/WaterSpheal
87.8%
365 - Hoenn - Ice/WaterWalrein
87.8%
473 - Sinnoh - Ice/GroundMamoswine
87.8%
461 - Sinnoh - Ice/DarkWeavile
85.4%
478 - Sinnoh - Ice/GhostFroslass
85.4%
646 - Unova - Ice/DragonKyurem
85.4%
Dex # - Region - Type Pokemon % Correct
646 - Unova - Ice/DragonBlack Kyurem
85.4%
646 - Unova - Ice/DragonWhite Kyurem
85.4%
225 - Johto - Ice/FlyingDelibird
82.9%
378 - Hoenn - IceRegice
82.9%
614 - Unova - IceBeartic
82.9%
584 - Unova - IceVanilluxe
80.5%
613 - Unova - IceCubchoo
80.5%
740 - Alola - Ice/FightingCrabominable
80%
582 - Unova - IceVanillite
75.6%
583 - Unova - IceVanillish
75.6%
698 - Kalos - Ice/RockAmaura
75.6%
699 - Kalos - Ice/RockAurorus
75.6%
713 - Kalos - IceAvalugg
75.6%
615 - Unova - IceCryogonal
73.2%
471 - Sinnoh - IceGlaceon
70.7%
712 - Kalos - IceBergmite
70.7%
037 - Kanto - IceAlolan Vulpix
58.8%
038 - Kanto - Ice/FairyAlolan Ninetales
58.8%
027 - Kanto - Ice/SteelSandshrew (Alolan Form)
46.3%
028 - Kanto - Ice/SteelAlolanSandslash
36.6%

You're not logged in!

Compare scores with friends on all Sporcle quizzes.
OR
Log In

Sporcle TV

Today on Sporcle TV


Watch our educational content, quiz creation guides, and fun videos on Sporcle TV.

Show Comments

Extras

Created Jul 23, 2016ReportNominate
Tags:Pokémon Quiz, Ice Pokémon

Top Quizzes Today


Score Distribution

Your Account Isn't Verified!

In order to create a playlist on Sporcle, you need to verify the email address you used during registration. Go to your Sporcle Settings to finish the process.

Report this User

Report this user for behavior that violates our Community Guidelines.

Details: